Étendards présidentiels carpatho-danubiens - Statistiques

Statistiques générales
  • Ce quiz a été pris 31 fois
  • Le résultat moyen est 8 sur 10
Statistiques - réponses
Par images Réponse % Correct
Croatie
100%
Slovénie
96%
Slovaquie
93%
Monténégro
89%
Serbie
89%
Moldavie
85%
Hongrie
81%
République tchèque
81%
Ukraine
70%
Pologne
63%
Aucun quiz correspondant
Distribution des résultats
% des personnes avec chaque résultat
Percentile par nombre de réponses
Votre historique - résultats
Vous n’avez pas pris ce quiz